Магия жеста; Энергия: экономика, техника, экология; № 6

Detalles Bibliográficos
Parent link:Энергия: экономика, техника, экология: научно-популярный и общественно-политический журнал/ Российская академия наук (РАН).— , 1984-.— 0233-3619
№ 6.— 2003.— С. 67-69
Autor Principal: Жестов М. Мим
Idioma:ruso
Publicado: 2003
Subjects:
Formato: Capítulo de libro
KOHA link:https://koha.lib.tpu.ru/cgi-bin/koha/opac-detail.pl?biblionumber=387209

MARC

LEADER 00000naa2a2200000 4500
001 387209
005 20231101063600.0
035 |a (RuTPU)RU\TPU\prd\16714 
090 |a 387209 
100 |a 20030901a2003 k y0rusy50 ca 
101 0 |a rus 
102 |a RU 
200 1 |a Магия жеста  |f М. Жестов 
461 1 |0 (RuTPU)RU\TPU\prd\458  |x 0233-3619  |t Энергия: экономика, техника, экология  |o научно-популярный и общественно-политический журнал  |f Российская академия наук (РАН)  |d 1984- 
463 1 |0 (RuTPU)RU\TPU\prd\16383  |t № 6  |v С. 67-69  |d 2003 
610 1 |a жесты 
610 1 |a язык жестов 
610 1 |a невербальное общение 
610 1 |a общение 
700 1 |a Жестов  |b М.  |g Мим 
801 1 |a RU  |b 63413507  |c 20030901  |g PSBO 
801 2 |a RU  |b 63413507  |c 20120516  |g RCR 
942 |c BK